| 000 | 00713nam a22002417a 4500 | ||
|---|---|---|---|
| 001 | 43564 | ||
| 003 | UA-OsUOA | ||
| 005 | 20230419163611.0 | ||
| 007 | ta | ||
| 008 | 20070111b un ||||| |||| 00| 0 ukr d | ||
| 020 | _a966-346-035-0 | ||
| 040 |
_aUA-OsUOA _bukr _cUA-OsUOA _dUA-OsUOA |
||
| 041 | _aukr | ||
| 080 | _a330.091 | ||
| 090 |
_a330.091 _bІ-90 |
||
| 245 |
_aІсторія економічних вчень _bпідручник _cБазилевич В. Д. _nч. 2 |
||
| 260 |
_aК. _bЗнання _c2005 |
||
| 300 | _a567 с. | ||
| 650 | 7 |
_a330 Економіка взагалі _2UDC |
|
| 942 |
_cBK _2udc |
||
| 955 | _a2 | ||
| 999 |
_c329691 _d329691 |
||